| 000 | 00775cab a2200313 4500 | ||
|---|---|---|---|
| 001 | WB3144-57 | ||
| 008 | 090401t1995 xxu||||| |||| 00| 0 eng d | ||
| 035 | _a(Sirsi) u35492 | ||
| 041 | _aeng | ||
| 245 | _aSouth Africa | ||
| 260 | _c1995 | ||
| 300 | _aLoan | ||
| 350 | _a0 | ||
| 490 |
_aFinancial Times _vSurvey 21 November 1995, 1-10(10) |
||
| 520 | _aAn economic survey of South Africa. | ||
| 650 | _aBUSINESS ENVIRONMENT | ||
| 650 | _aCOMPETITION POLICY | ||
| 650 | _aECONOMY | ||
| 650 | _aFOREIGN INVESTMENT | ||
| 650 | _aGOLD MINING | ||
| 650 | _aPOLITICS | ||
| 650 | _aPRIVATISATION | ||
| 650 | _aSOUTH AFRICA | ||
| 650 | _aSTOCK EXCHANGE | ||
| 650 | _aTOURISM | ||
| 690 | _aOVERSEAS-REST OF THE WORLD | ||
| 942 | _n0 | ||
| 948 | _c04/03/1997 | ||
| 999 |
_c23229 _d23229 |
||